00785nam a2200217 a 450000100060000000300080000600500170001400800410003103500190007204000270009104100080011808200220012611000400014824501480018826000420033630000330037850400310041165000620044265000300050470000330053458037BD-RjUL20211209080559.0161215s1958 enka b 101 0 eng  a(BD-RjUL)58161 aDLCcDLCdBD-RjULbeng aeng00a325223bECO 19582 aInternational Economic Association.10aEconomics of international migration :bproceedings of a conference held by the International Economic Association /cEdited by Brinley Thomas. aLondon :bSt. Martin's Press,cc1958. axiii, 501 p.bill. ;c23 cm. aBibliographical footnotes. 0aEmigration and immigrationxEconomic aspectsxCongresses. 0aLabor supplyxCongresses.1 aBrinley, Thomas,d1906-eed.